[Event "GBR-ch 107th"]
[Site "Hull"]
[Date "2021.10.07"]
[Round "6.9"]
[White "Khoury, Theo"]
[Black "Webb, Laurence E"]
[Result "1/2-1/2"]
[WhiteElo "1814"]
[BlackElo "2184"]
[PlyCount "153"]
[EventDate "2021.10.02"]
[EventType "swiss"]
[EventRounds "9"]
[EventCountry "GBR"]
[SourceTitle "BritBase"]
[Source "John Saunders"]
[SourceDate "2021.06.05"]
[SourceVersion "1"]
[SourceVersionDate "2021.06.05"]
[SourceQuality "1"]

1. e4 e6 2. d4 d5 3. Nc3 Bb4 4. exd5 exd5 5. Bd3 Nc6 6. Nf3 Bg4 7. O-O Nge7 8.
h3 Bh5 9. a3 Bxc3 10. bxc3 Bg6 11. Re1 O-O 12. Bf4 Re8 13. c4 Bxd3 14. Qxd3
dxc4 15. Qxc4 Qd5 16. Qd3 Qf5 17. Qxf5 Nxf5 18. d5 Nce7 19. c4 Nd6 20. Bxd6
cxd6 21. Nd4 Kf8 22. Nb5 Red8 23. Rab1 b6 24. Re4 Rd7 25. Rbe1 Ng8 26. g4 Nf6
27. R4e3 h6 28. Nd4 g6 29. a4 Rc8 30. Nc6 Rdc7 31. f4 Nd7 32. Kf2 Nc5 33. Ra1
Re8 34. a5 bxa5 35. Rxa5 a6 36. Rxe8+ Kxe8 37. Ra3 Rb7 38. Re3+ Kf8 39. Kf3 Rb3
40. Na5 Rb1 41. f5 g5 42. Nc6 Rb3 43. Na5 Rxe3+ 44. Kxe3 Kg7 45. Kd4 Kf6 46.
Nc6 Kg7 47. Na5 Kf8 48. Nc6 Ke8 49. f6 Nd7 50. Ne7 Nxf6 51. Nf5 Kd7 52. Nxh6
Ke7 53. c5 dxc5+ 54. Kxc5 Nd7+ 55. Kc6 Ne5+ 56. Kc7 a5 57. Nf5+ Kf6 58. d6 a4
59. d7 Nxd7 60. Kxd7 a3 61. Ne3 a2 62. Nc2 Ke5 63. Ke7 f6 64. Kf7 f5 65. gxf5
Kxf5 66. Ke7 Kg6 67. Ke6 Kh5 68. Kf6 Kh4 69. Kg6 Kxh3 70. Kxg5 Kg3 71. Kf5 Kf3
72. Ke5 Ke2 73. Kd4 Kd2 74. Na1 Kc1 75. Kc3 Kb1 76. Kd2 Kxa1 77. Kc1 1/2-1/2

[Event "GBR-ch 107th"]
[Site "Hull"]
[Date "2021.10.07"]
[Round "6.10"]
[White "Latypova, Olga L"]
[Black "Willison, Steven"]
[Result "1-0"]
[WhiteElo "1266"]
[BlackElo "1936"]
[PlyCount "53"]
[EventDate "2021.10.02"]
[EventType "swiss"]
[EventRounds "9"]
[EventCountry "GBR"]
[SourceTitle "BritBase"]
[Source "John Saunders"]
[SourceDate "2021.06.05"]
[SourceVersion "1"]
[SourceVersionDate "2021.06.05"]
[SourceQuality "1"]

1. e4 c5 2. Nf3 d6 3. d4 cxd4 4. Nxd4 Nf6 5. Nc3 g6 6. Be3 Bg7 7. f3 O-O 8. Qd2
Nc6 9. O-O-O d5 10. exd5 Nxd5 11. Nxc6 bxc6 12. Nxd5 cxd5 13. Bh6 Bxh6 14. Qxh6
Qa5 15. Kb1 Rb8 16. h4 Bf5 17. Bd3 Qc3 18. b3 Bxd3 19. Rxd3 Qe5 20. Qd2 e6 21.
h5 Rfc8 22. hxg6 hxg6 23. f4 Qf6 24. Rdh3 Kf8 25. Qa5 Qxf4 26. Qxa7 g5 27. Rf3
1-0

[Event "GBR-ch 107th"]
[Site "Hull"]
[Date "2021.10.08"]
[Round "7.1"]
[White "Ledger, Andrew J"]
[Black "Pert, Nicholas"]
[Result "1/2-1/2"]
[WhiteElo "2329"]
[BlackElo "2548"]
[PlyCount "98"]
[EventDate "2021.10.02"]
[EventType "swiss"]
[EventRounds "9"]
[EventCountry "GBR"]
[SourceTitle "BritBase"]
[Source "John Saunders"]
[SourceDate "2021.06.05"]
[SourceVersion "1"]
[SourceVersionDate "2021.06.05"]
[SourceQuality "1"]

1. d4 Nf6 2. c4 e6 3. Nc3 Bb4 4. e3 O-O 5. Nge2 Re8 6. a3 Bf8 7. d5 a5 8. g3
Na6 9. Bg2 Nc5 10. b3 a4 11. b4 Nb3 12. Ra2 Nxc1 13. Qxc1 exd5 14. cxd5 c5 15.
dxc6 dxc6 16. O-O Be6 17. Rd2 Qc8 18. Nd4 Bh3 19. Qc2 Bxg2 20. Kxg2 c5 21. bxc5
Qxc5 22. Ncb5 Qd5+ 23. Kg1 Rec8 24. Qf5 Qxf5 25. Nxf5 Rc5 26. Nfd4 Ne4 27. Rd3
Rac8 28. Rb1 g6 29. Kg2 Rc1 30. Rd1 R1c4 31. Kf3 Nc3 32. Nxc3 Rxc3 33. Nb5 Rc2
34. Rd4 Ra8 35. Rd7 Ra6 36. Rd4 Rb6 37. Rxa4 Bh6 38. Nd4 Rxf2+ 39. Kxf2 Rxb1
40. Rb4 Ra1 41. Rxb7 Ra2+ 42. Ne2 Rxa3 43. Nf4 Ra2+ 44. Ne2 Bf8 45. Kf3 h5 46.
h4 Ra3 47. Rc7 Bd6 48. Rc3 Ra1 49. Rc1 Ra3 1/2-1/2

[Event "GBR-ch 107th"]
[Site "Hull"]
[Date "2021.10.08"]
[Round "7.2"]
[White "McPhillips, Joseph"]
[Black "Hebden, Mark L"]
[Result "1/2-1/2"]
[WhiteElo "2425"]
[BlackElo "2455"]
[PlyCount "139"]
[EventDate "2021.10.02"]
[EventType "swiss"]
[EventRounds "9"]
[EventCountry "GBR"]
[SourceTitle "BritBase"]
[Source "John Saunders"]
[SourceDate "2021.06.05"]
[SourceVersion "1"]
[SourceVersionDate "2021.06.05"]
[SourceQuality "1"]

1. Nf3 Nf6 2. c4 g6 3. Nc3 Bg7 4. d4 d6 5. e4 O-O 6. Be2 e5 7. O-O Nbd7 8. Re1
h6 9. Bf1 Nh7 10. Rb1 Ng5 11. Nxg5 exd4 12. Nb5 hxg5 13. Nxd4 g4 14. b4 Ne5 15.
Be3 Bd7 16. c5 a6 17. cxd6 cxd6 18. a4 Rc8 19. Qb3 Qe7 20. b5 a5 21. b6 Rc5 22.
Nb5 Rc6 23. Nd4 Rc5 24. Nb5 Rc6 25. Nc7 Qh4 26. Bf4 Rc5 27. Rbc1 Bc6 28. Qa3
Rxc1 29. Bxc1 Nd7 30. Bf4 Bd4 31. Bg3 Qf6 32. Nb5 Bc5 33. Qd3 Ne5 34. Qb3 Qd8
35. Nc7 Nd7 36. Nd5 Nxb6 37. Bb5 Bxd5 38. exd5 Qg5 39. Bc4 Rc8 40. Bf1 Qxd5 41.
Qb5 Qc6 42. Qxa5 Qxa4 43. Qxa4 Nxa4 44. Re7 b6 45. Rd7 Nc3 46. Bxd6 Bxd6 47.
Rxd6 b5 48. Rb6 Ra8 49. f3 gxf3 50. gxf3 Ra2 51. Rb7 Rb2 52. f4 Kf8 53. Bd3 f5
54. h4 Rb4 55. h5 gxh5 56. Kh2 Rxf4 57. Bxb5 Rb4 58. Bc6 Rxb7 59. Bxb7 Kg7 60.
Kg3 Kg6 61. Kh4 Ne4 62. Ba6 Nf6 63. Bd3 Ne4 64. Be2 Kf6 65. Bxh5 Ke5 66. Bg4 f4
67. Bf3 Kd4 68. Kg4 Ke3 69. Bg2 Nc5 70. Kf5 1/2-1/2

[Event "GBR-ch 107th"]
[Site "Hull"]
[Date "2021.10.08"]
[Round "7.3"]
[White "Olson, Hamish"]
[Black "Harvey, Marcus R"]
[Result "0-1"]
[WhiteElo "2273"]
[BlackElo "2465"]
[PlyCount "108"]
[EventDate "2021.10.02"]
[EventType "swiss"]
[EventRounds "9"]
[EventCountry "GBR"]
[SourceTitle "BritBase"]
[Source "John Saunders"]
[SourceDate "2021.06.05"]
[SourceVersion "1"]
[SourceVersionDate "2021.06.05"]
[SourceQuality "1"]

1. d4 f5 2. g3 Nf6 3. Bg2 g6 4. Nf3 Bg7 5. O-O O-O 6. c4 d6 7. Nc3 c6 8. Qb3
Na6 9. Bf4 Nh5 10. Bg5 Kh8 11. Rad1 Qc7 12. Qa3 f4 13. Nh4 Qd7 14. e3 fxg3 15.
fxg3 Qe8 16. Rxf8+ Bxf8 17. Rf1 Nc7 18. d5 c5 19. Qb3 Bg7 20. Qc2 Nf6 21. Ne2
Kg8 22. a4 Bd7 23. b3 Rd8 24. h3 Qf7 25. g4 Rf8 26. Ng3 Qe8 27. e4 Bc8 28. e5
dxe5 29. Qe2 Na6 30. Bd2 b6 31. Bc3 Nd7 32. Nf3 Nab8 33. Ne4 Nf6 34. Ned2 e6
35. d6 Qd8 36. Bxe5 Nc6 37. Bh2 Ne8 38. Ne4 e5 39. Nfg5 h6 40. Nc3 Rxf1+ 41.
Kxf1 Qxg5 42. Bxc6 Nxd6 43. Bd5+ Kh7 44. Ne4 Nxe4 45. Bxe4 Be6 46. Bg1 h5 47.
Bf3 hxg4 48. hxg4 Bh6 49. Bh2 Qc1+ 50. Kg2 Bf4 51. Bg1 Qb1 52. Qf2 Kg7 53. Qh4
g5 54. Qh1 Qxb3 0-1

[Event "GBR-ch 107th"]
[Site "Hull"]
[Date "2021.10.08"]
[Round "7.4"]
[White "Gormally, Daniel W"]
[Black "Finn, Peter"]
[Result "1-0"]
[WhiteElo "2480"]
[BlackElo "1959"]
[PlyCount "45"]
[EventDate "2021.10.02"]
[EventType "swiss"]
[EventRounds "9"]
[EventCountry "GBR"]
[SourceTitle "BritBase"]
[Source "John Saunders"]
[SourceDate "2021.06.05"]
[SourceVersion "1"]
[SourceVersionDate "2021.06.05"]
[SourceQuality "1"]

1. d4 Nf6 2. c4 e6 3. Nf3 d5 4. g3 Be7 5. Bg2 O-O 6. Nbd2 b6 7. cxd5 exd5 8.
O-O Bb7 9. b3 Nbd7 10. Bb2 Re8 11. Ne5 Bd6 12. Ndc4 Bxe5 13. Nxe5 Nxe5 14. dxe5
Ng4 15. e4 Nxe5 16. exd5 Qd6 17. Qd4 f6 18. Rac1 Rad8 19. Rfd1 Ng6 20. Qa4 a5
21. h3 Re2 22. Ba3 Qd7 23. Qc4 1-0

[Event "GBR-ch 107th"]
[Site "Hull"]
[Date "2021.10.08"]
[Round "7.5"]
[White "Eggleston, David J"]
[Black "Sucikova, Svetlana"]
[Result "0-1"]
[WhiteElo "2356"]
[BlackElo "2175"]
[PlyCount "78"]
[EventDate "2021.10.02"]
[EventType "swiss"]
[EventRounds "9"]
[EventCountry "GBR"]
[SourceTitle "BritBase"]
[Source "John Saunders"]
[SourceDate "2021.06.05"]
[SourceVersion "1"]
[SourceVersionDate "2021.06.05"]
[SourceQuality "1"]

1. e4 c6 2. d4 d5 3. e5 Bf5 4. h4 h5 5. c4 e6 6. Nc3 Nd7 7. cxd5 cxd5 8. Bd3
Bxd3 9. Qxd3 Ne7 10. Nf3 g6 11. Bg5 Qb6 12. O-O Nf5 13. Rfc1 Bb4 14. a3 Be7 15.
Na4 Qa5 16. Bxe7 Kxe7 17. Nc5 Rab8 18. b4 Qd8 19. Qd2 Re8 20. g3 Kf8 21. Rc3
Nb6 22. Qf4 Kg7 23. Nd2 Qe7 24. a4 Rec8 25. Rac1 Na8 26. Nf3 Rc7 27. Qd2 Rbc8
28. a5 b6 29. axb6 axb6 30. Na6 Rxc3 31. Rxc3 Rc4 32. b5 Nc7 33. Rxc4 dxc4 34.
Nxc7 Qxc7 35. Qc3 Qb7 36. Nd2 Qd5 37. Nxc4 Nxd4 38. Kh2 Nf3+ 39. Kh3 Nd2 0-1

[Event "GBR-ch 107th"]
[Site "Hull"]
[Date "2021.10.08"]
[Round "7.6"]
[White "Arkell, Keith C"]
[Black "Stubbs, Oliver"]
[Result "1-0"]
[WhiteElo "2380"]
[BlackElo "1925"]
[PlyCount "157"]
[EventDate "2021.10.02"]
[EventType "swiss"]
[EventRounds "9"]
[EventCountry "GBR"]
[SourceTitle "BritBase"]
[Source "John Saunders"]
[SourceDate "2021.06.05"]
[SourceVersion "1"]
[SourceVersionDate "2021.06.05"]
[SourceQuality "1"]

1. c4 Nf6 2. Nc3 g6 3. g3 d5 4. cxd5 Nxd5 5. Bg2 Nb6 6. d3 Bg7 7. Be3 Nc6 8.
Qd2 Nd4 9. Rc1 c6 10. Bh6 Bxh6 11. Qxh6 Nf5 12. Qd2 O-O 13. Nf3 Re8 14. h4 h5
15. Ne4 Nd6 16. Nc5 e5 17. O-O Bf5 18. Ng5 Qe7 19. b4 f6 20. Nge4 Bxe4 21. dxe4
Rad8 22. Qh6 Qg7 23. Qe3 Kh7 24. Rfd1 Qf7 25. a4 Nbc4 26. Qb3 b6 27. Nd3 a6 28.
Rc3 Re7 29. Rdc1 b5 30. a5 Nb7 31. Bh3 Rc7 32. Nb2 Nbd6 33. Rd3 Nxb2 34. Qxb2
Nc4 35. Qc3 Qe7 36. Rcd1 Rd6 37. Rxd6 Nxd6 38. Qc5 Nxe4 39. Qxe7+ Rxe7 40. Rc1
Rc7 41. Bg2 Nd6 42. Rxc6 Rxc6 43. Bxc6 Kg7 44. f4 Kf7 45. Bd5+ Ke7 46. Kg2 Kd7
47. Kf3 Ke7 48. e3 Kf8 49. e4 Kg7 50. g4 hxg4+ 51. Kxg4 Kh6 52. Ba8 Kg7 53. Bc6
Kh6 54. Bd5 Kh7 55. fxe5 fxe5 56. Kg5 Kg7 57. h5 gxh5 58. Kxh5 Kh7 59. Kg5 Kg7
60. Ba8 Kf7 61. Bc6 Ke6 62. Kg6 Ke7 63. Bd5 Ne8 64. Bb7 Nc7 65. Kf5 Kd6 66. Bc8
Ne8 67. Bxa6 Ng7+ 68. Kg6 Ne6 69. Bxb5 Nd4 70. Ba4 Ne6 71. Bb3 Nf4+ 72. Kf6 Nd3
73. b5 Kc5 74. b6 Nb4 75. b7 Na6 76. Kxe5 Kb4 77. Bd5 Kxa5 78. Kd6 Kb6 79. e5
1-0

[Event "GBR-ch 107th"]
[Site "Hull"]
[Date "2021.10.08"]
[Round "7.7"]
[White "Bradbury, Neil H"]
[Black "Starley, Robert"]
[Result "0-1"]
[WhiteElo "2265"]
[BlackElo "2057"]
[PlyCount "96"]
[EventDate "2021.10.02"]
[EventType "swiss"]
[EventRounds "9"]
[EventCountry "GBR"]
[SourceTitle "BritBase"]
[Source "John Saunders"]
[SourceDate "2021.06.05"]
[SourceVersion "1"]
[SourceVersionDate "2021.06.05"]
[SourceQuality "1"]

1. d4 Nf6 2. c4 b6 3. Nc3 Bb7 4. Nf3 e6 5. a3 Be7 6. d5 d6 7. dxe6 fxe6 8. e3
Qd7 9. Be2 Nc6 10. O-O O-O 11. Qc2 Nd8 12. b3 Rc8 13. Bb2 e5 14. Rad1 Nf7 15.
e4 Kh8 16. Rfe1 Qe6 17. Bf1 Nh5 18. g3 Nh6 19. Bg2 Rf7 20. Qe2 Rcf8 21. Bc1 Bd8
22. h3 Bc8 23. Rf1 Qg6 24. Nh2 a5 25. Nd5 Bd7 26. Be3 c6 27. Nc3 Nf4 28. gxf4
exf4 29. Kh1 fxe3 30. Qxe3 Bc7 31. Ne2 Qh5 32. f4 Re7 33. Qf2 Bxh3 34. Bf3 Bg4
35. Ng3 Qh4 36. Bxg4 Nxg4 37. Qe2 Qxg3 38. Nxg4 Qxb3 39. Rf3 Rxe4 40. Qxe4
Qxd1+ 41. Kg2 Bd8 42. Nf2 Qa1 43. Qxc6 Qf6 44. Qd5 Re8 45. Nd3 Qg6+ 46. Rg3
Qe4+ 47. Qxe4 Rxe4 48. Nf2 Rxf4 0-1

[Event "GBR-ch 107th"]
[Site "Hull"]
[Date "2021.10.08"]
[Round "7.8"]
[White "Webb, Laurence E"]
[Black "Latypova, Olga L"]
[Result "0-1"]
[WhiteElo "2184"]
[BlackElo "1266"]
[PlyCount "60"]
[EventDate "2021.10.02"]
[EventType "swiss"]
[EventRounds "9"]
[EventCountry "GBR"]
[SourceTitle "BritBase"]
[Source "John Saunders"]
[SourceDate "2021.06.05"]
[SourceVersion "1"]
[SourceVersionDate "2021.06.05"]
[SourceQuality "1"]

1. d4 Nf6 2. c4 g6 3. Nc3 d5 4. Nf3 Bg7 5. h4 dxc4 6. e4 c5 7. d5 b5 8. h5 Nxh5
9. Nxb5 Qa5+ 10. Nc3 Nd7 11. Bd2 Rb8 12. Qc2 Ba6 13. g4 Nhf6 14. Bh3 Qc7 15.
O-O-O O-O 16. Rde1 Nb6 17. Ng5 Nfd7 18. f4 h6 19. Nxf7 Rxf7 20. e5 Nf8 21. Qe4
Qb7 22. e6 Rf6 23. Bg2 Nxd5 24. Qxd5 Qxb2+ 25. Kd1 Bb7 26. Qxb7 Rxb7 27. f5 Rb8
28. Be4 Rd8 29. Nd5 c3 30. Bc1 Qxa2 0-1

[Event "GBR-ch 107th"]
[Site "Hull"]
[Date "2021.10.08"]
[Round "7.9"]
[White "Head, Louise"]
[Black "Willison, Steven"]
[Result "1-0"]
[WhiteElo "2090"]
[BlackElo "1936"]
[PlyCount "54"]
[EventDate "2021.10.02"]
[EventType "swiss"]
[EventRounds "9"]
[EventCountry "GBR"]
[SourceTitle "BritBase"]
[Source "John Saunders"]
[SourceDate "2021.06.05"]
[SourceVersion "1"]
[SourceVersionDate "2021.06.05"]
[SourceQuality "1"]

1. d4 Nf6 2. c4 g6 3. Nc3 Bg7 4. e4 O-O 5. Be2 d6 6. Be3 e5 7. d5 a5 8. g4 c6
9. g5 Ne8 10. h4 Na6 11. h5 Nc5 12. hxg6 fxg6 13. Qd2 Bd7 14. f3 a4 15. O-O-O
Qa5 16. Kb1 Rf7 17. Rf1 Rf4 18. Rf2 Nc7 19. Rfh2 a3 20. Rxh7 axb2 21. Bxf4 Na4
22. Nxa4 Qxa4 23. Qxb2 b5 24. c5 Ne6 25. dxe6 Bxe6 26. Rxg7+ Kxg7 27. Bxe5+ Kf8
1-0

[Event "GBR-ch 107th"]
[Site "Hull"]
[Date "2021.10.08"]
[Round "7.10"]
[White "Gordon, Frederick"]
[Black "Khoury, Theo"]
[Result "0-1"]
[WhiteElo "1523"]
[BlackElo "1814"]
[PlyCount "128"]
[EventDate "2021.10.02"]
[EventType "swiss"]
[EventRounds "9"]
[EventCountry "GBR"]
[SourceTitle "BritBase"]
[Source "John Saunders"]
[SourceDate "2021.06.05"]
[SourceVersion "1"]
[SourceVersionDate "2021.06.05"]
[SourceQuality "1"]

1. e4 c5 2. Nf3 d6 3. Bb5+ Nd7 4. c3 Ngf6 5. Bd3 a6 6. Bc2 b5 7. O-O Bb7 8. Qe2
g6 9. d4 Bg7 10. a4 O-O 11. Bf4 cxd4 12. cxd4 Qc7 13. Rc1 e5 14. Bd3 Qb8 15.
Be3 Bxe4 16. dxe5 Bxf3 17. Qxf3 Nxe5 18. Qe2 Nxd3 19. Qxd3 Ng4 20. Bd4 Ne5 21.
Qd1 Rc8 22. Rxc8+ Qxc8 23. Nc3 b4 24. Nd5 Qb7 25. Qb3 Rc8 26. Rd1 a5 27. h3 Kh8
28. Ne3 Qc7 29. Qd5 f5 30. f4 Nf7 31. Kh2 Qe7 32. Bxg7+ Kxg7 33. Qd4+ Qf6 34.
Qxf6+ Kxf6 35. Rd5 Rc5 36. Rd2 Ke6 37. Kg3 d5 38. Kf2 Nd6 39. Rc2 Ne4+ 40. Ke2
b3 41. Rxc5 Nxc5 42. Nd1 Nxa4 43. Kd3 Kd7 44. Ke3 Kc6 45. Kd4 Kd6 46. Nf2 Nxb2
47. Kc3 Nc4 48. Kxb3 Kc5 49. Kc3 d4+ 50. Kb3 Nb6 51. Nd3+ Kd5 52. Nf2 a4+ 53.
Kb4 h5 54. h4 Kc6 55. Nd3 Kd6 56. Nf2 Kd5 57. g3 a3 58. Kxa3 Kc4 59. Kb2 d3 60.
Kc1 Kd4 61. Kd2 Nc4+ 62. Ke1 Ke3 63. Kf1 d2 64. Nd1+ Kf3 0-1

[Event "GBR-ch 107th"]
[Site "Hull"]
[Date "2021.10.09"]
[Round "8.1"]
[White "Ledger, Andrew J"]
[Black "Gormally, Daniel W"]
[Result "1-0"]
[WhiteElo "2329"]
[BlackElo "2480"]
[PlyCount "65"]
[EventDate "2021.10.02"]
[EventType "swiss"]
[EventRounds "9"]
[EventCountry "GBR"]
[SourceTitle "BritBase"]
[Source "John Saunders"]
[SourceDate "2021.06.05"]
[SourceVersion "1"]
[SourceVersionDate "2021.06.05"]
[SourceQuality "1"]

1. d4 Nf6 2. c4 g6 3. Nc3 Bg7 4. Nf3 O-O 5. e4 d6 6. Be2 Bg4 7. Be3 Nfd7 8. O-O
e5 9. d5 Bxf3 10. Bxf3 f5 11. b4 Nf6 12. c5 Nbd7 13. c6 bxc6 14. dxc6 Nb6 15.
a4 Nc8 16. Qb3+ Kh8 17. b5 Ne7 18. Rac1 h6 19. Rfd1 Nh7 20. a5 Ng5 21. Bxg5
hxg5 22. Nd5 Rb8 23. Be2 Bh6 24. Qe3 Kg7 25. g4 Nxd5 26. Rxd5 f4 27. Qc3 Qf6
28. f3 Kf7 29. Qe1 Qd8 30. Qf2 Kf6 31. Bc4 Rh8 32. Rcd1 Qe7 33. Qxa7 1-0

[Event "GBR-ch 107th"]
[Site "Hull"]
[Date "2021.10.09"]
[Round "8.2"]
[White "Hebden, Mark L"]
[Black "Harvey, Marcus R"]
[Result "1/2-1/2"]
[WhiteElo "2455"]
[BlackElo "2465"]
[PlyCount "234"]
[EventDate "2021.10.02"]
[EventType "swiss"]
[EventRounds "9"]
[EventCountry "GBR"]
[SourceTitle "BritBase"]
[Source "John Saunders"]
[SourceDate "2021.06.05"]
[SourceVersion "1"]
[SourceVersionDate "2021.06.05"]
[SourceQuality "1"]

1. d4 Nf6 2. Nf3 e6 3. Bg5 d5 4. c4 dxc4 5. Qa4+ Bd7 6. Qxc4 c5 7. dxc5 Qc8 8.
Nbd2 Qxc5 9. Qxc5 Bxc5 10. Rc1 Be7 11. e4 Nc6 12. Bd3 Ng4 13. Bf4 Nb4 14. Bb1
Bb5 15. h3 Nf6 16. Ne5 O-O 17. a3 Rac8 18. Nb3 Ba4 19. Na5 b6 20. b3 Bb5 21.
Nac4 Nc6 22. a4 Bxc4 23. Nxc6 Rxc6 24. Rxc4 Rxc4 25. bxc4 Rc8 26. Ke2 Rxc4 27.
Rc1 Rxc1 28. Bxc1 Nd7 29. f4 a6 30. e5 b5 31. axb5 axb5 32. Bd3 b4 33. Bc4 g5
34. g3 gxf4 35. gxf4 Nb6 36. Bb3 Kg7 37. Kf3 Nd7 38. Be3 Bc5 39. Bd2 Nf8 40.
Ke4 Kg6 41. Bc2 Be7 42. Kf3+ Kg7 43. Ke4 Nd7 44. Be3 Bc5 45. Bd2 Nb6 46. Bb3
Kg6 47. Bc1 Nc8 48. Kd3 Ne7 49. Kc4 Bf2 50. Bc2+ Nf5 51. Kxb4 Kh5 52. Kc4 Kh4
53. Ba4 Be3 54. Ba3 Kh5 55. Be8 Kg6 56. Kd3 Bxf4 57. Ke4 Bh2 58. Bb5 Kg7 59.
Bd3 Nh4 60. Be7 Ng6 61. Bf6+ Kh6 62. Bb5 Nf4 63. h4 Kg6 64. Bg5 Nh5 65. Bd3
Ng3+ 66. Kf3+ Nf5 67. Bf6 Kh5 68. Kg2 Bf4 69. Be2+ Kh6 70. Bb5 Kg6 71. Bd3 Bh6
72. Kh3 Bd2 73. Kg4 h5+ 74. Kf3 Kh6 75. Ke2 Bc1 76. Kf3 Bd2 77. Ke2 Bf4 78. Kf3
Bc1 79. Be4 Bd2 80. Bd3 Be1 81. Bg5+ Kh7 82. Bf6 Bc3 83. Kf4 Bd2+ 84. Kf3 Bh6
85. Be4 Kg8 86. Kf2 Kf8 87. Bd3 Bd2 88. Ke2 Bc1 89. Kf3 Nh6 90. Bg5 Bxg5 91.
hxg5 Nf5 92. Kf4 Ne7 93. Be2 h4 94. Kg4 Nf5 95. Bb5 Kg7 96. Ba4 Kg6 97. Be8 Nd4
98. Kxh4 Nf3+ 99. Kg4 Nxe5+ 100. Kf4 Nd3+ 101. Ke3 Nb4 102. Kf4 Nd3+ 103. Ke3
Ne5 104. Kf4 Nc4 105. Bb5 e5+ 106. Kg4 Ne3+ 107. Kh4 e4 108. Be8 Nf5+ 109. Kg4
Nd6 110. Ba4 e3 111. Bc2+ Kg7 112. Kf3 Nc4 113. Ke2 Kf8 114. Bb3 Nd2 115. Bxf7
Kxf7 116. Kxe3 Kg6 117. Kxd2 Kxg5 1/2-1/2

[Event "GBR-ch 107th"]
[Site "Hull"]
[Date "2021.10.09"]
[Round "8.3"]
[White "Pert, Nicholas"]
[Black "McPhillips, Joseph"]
[Result "1-0"]
[WhiteElo "2548"]
[BlackElo "2425"]
[PlyCount "45"]
[EventDate "2021.10.02"]
[EventType "swiss"]
[EventRounds "9"]
[EventCountry "GBR"]
[SourceTitle "BritBase"]
[Source "John Saunders"]
[SourceDate "2021.06.05"]
[SourceVersion "1"]
[SourceVersionDate "2021.06.05"]
[SourceQuality "1"]

1. d4 Nf6 2. Nf3 e6 3. c4 d5 4. Nc3 c5 5. cxd5 Nxd5 6. e3 cxd4 7. exd4 Nxc3 8.
bxc3 Qc7 9. Rb1 Qxc3+ 10. Bd2 Qc7 11. Bd3 Qd8 12. O-O Nc6 13. Be4 Be7 14. Ne5
Nxe5 15. dxe5 Qd4 16. Qc2 Bd7 17. Bxb7 Rb8 18. Be3 Qxe5 19. Bxa7 O-O 20. Bxb8
Rxb8 21. Rfd1 Bb5 22. Re1 Qc7 23. Qxc7 1-0

[Event "GBR-ch 107th"]
[Site "Hull"]
[Date "2021.10.09"]
[Round "8.4"]
[White "Sucikova, Svetlana"]
[Black "Arkell, Keith C"]
[Result "1/2-1/2"]
[WhiteElo "2175"]
[BlackElo "2380"]
[PlyCount "92"]
[EventDate "2021.10.02"]
[EventType "swiss"]
[EventRounds "9"]
[EventCountry "GBR"]
[SourceTitle "BritBase"]
[Source "John Saunders"]
[SourceDate "2021.06.05"]
[SourceVersion "1"]
[SourceVersionDate "2021.06.05"]
[SourceQuality "1"]

1. Nf3 Nf6 2. c4 d6 3. d4 Bg4 4. g3 Bxf3 5. exf3 c6 6. Bg2 d5 7. b3 g6 8. O-O
Bg7 9. Be3 O-O 10. Nc3 e6 11. Qd2 Nbd7 12. Rab1 Ne8 13. Rfd1 Nd6 14. c5 Nf5 15.
b4 e5 16. Ne2 exd4 17. Nxd4 Nxe3 18. Qxe3 Re8 19. Qd2 Qf6 20. Bf1 a5 21. bxa5
Qxd4 22. Qxd4 Bxd4 23. Rxd4 Nxc5 24. a6 b5 25. Rc1 Ne6 26. Rd2 Rxa6 27. a4 Rxa4
28. Rxc6 Nd4 29. Rc3 Rb8 30. Rcd3 Ne6 31. Rxd5 b4 32. Rb2 b3 33. Kg2 Nd4 34.
Bd3 Rc8 35. Be4 f5 36. Bb1 Kf7 37. Rd7+ Ke6 38. Rxh7 Rb4 39. Rg7 Kd5 40. Rd2
Kc4 41. Rxg6 Kc3 42. Rd1 Kb2 43. Rd6 Nc2 44. h4 Ra8 45. Rc6 Raa4 46. h5 Rd4
1/2-1/2

[Event "GBR-ch 107th"]
[Site "Hull"]
[Date "2021.10.09"]
[Round "8.5"]
[White "Head, Louise"]
[Black "Olson, Hamish"]
[Result "0-1"]
[WhiteElo "2090"]
[BlackElo "2273"]
[PlyCount "200"]
[EventDate "2021.10.02"]
[EventType "swiss"]
[EventRounds "9"]
[EventCountry "GBR"]
[SourceTitle "BritBase"]
[Source "John Saunders"]
[SourceDate "2021.06.05"]
[SourceVersion "1"]
[SourceVersionDate "2021.06.05"]
[SourceQuality "1"]

1. d4 d5 2. c4 e6 3. Nc3 Nf6 4. Bg5 Be7 5. e3 O-O 6. Qc2 Nbd7 7. cxd5 exd5 8.
Bd3 Re8 9. Nf3 c6 10. O-O h6 11. Bh4 Ne4 12. Bxe7 Qxe7 13. b4 a6 14. a4 Ndf6
15. b5 axb5 16. axb5 Rxa1 17. Rxa1 c5 18. dxc5 Nxc5 19. Be2 Be6 20. Rc1 Rc8 21.
Qd1 Qe8 22. h3 Ncd7 23. Na4 Ne4 24. Nd4 Ndf6 25. Bd3 Qd8 26. Rxc8 Bxc8 27. Qc2
g6 28. Nc5 Nd6 29. Ncb3 Kg7 30. Qc5 b6 31. Qc2 Nfe4 32. Nc6 Qf6 33. Nbd4 Nc5
34. Bf1 Bf5 35. Qa2 Bd3 36. Qxd5 Bxf1 37. Kxf1 Nxb5 38. Qf3 Nc3 39. Qxf6+ Kxf6
40. Ke1 h5 41. f3 g5 42. g3 Nd5 43. Ke2 Nc7 44. e4 Nd7 45. f4 gxf4 46. gxf4 b5
47. Ke3 Nb6 48. h4 Nd7 49. e5+ Kg6 50. f5+ Kg7 51. Kf4 Nd5+ 52. Kg5 f6+ 53.
exf6+ N7xf6 54. Ne6+ Kf7 55. Kh6 b4 56. Nxb4 Nxb4 57. Nf4 Nc6 58. Nxh5 Ne4 59.
Nf4 Nd4 60. Nh3 Kf6 61. Kh7 Nxf5 62. Nf4 Kf7 63. Nd5 Neg3 64. Nf4 Ne4 65. Nd5
Nc5 66. Nf4 Nd7 67. h5 Nf6+ 68. Kh8 Nh6 69. Ne6 Kxe6 70. Kg7 Nfg4 71. Kg6 Kd5
72. Kg5 Ke5 73. Kg6 Kf4 74. Kg7 Kf5 75. Kf8 Ke6 76. Kg7 Kf5 77. Kf8 Kf6 78. Ke8
Ke6 79. Kd8 Ne5 80. Kc7 Kd5 81. Kb6 Kc4 82. Kc7 Kc5 83. Kb7 Nd7 84. Kc7 Nb6 85.
Kb7 Nd5 86. Ka6 Kb4 87. Kb7 Kb5 88. Ka7 Nf4 89. Kb7 Ne6 90. Ka7 Nc5 91. Kb8 Kc6
92. Kc8 Nb7 93. Kb8 Nd6 94. Ka7 Kb5 95. Ka8 Kb6 96. Kb8 Nhf7 97. h6 Ne5 98. h7
Nc6+ 99. Ka8 Nb5 100. h8=Q Nc7# 0-1

[Event "GBR-ch 107th"]
[Site "Hull"]
[Date "2021.10.09"]
[Round "8.6"]
[White "Finn, Peter"]
[Black "Starley, Robert"]
[Result "1-0"]
[WhiteElo "1959"]
[BlackElo "2057"]
[PlyCount "55"]
[EventDate "2021.10.02"]
[EventType "swiss"]
[EventRounds "9"]
[EventCountry "GBR"]
[SourceTitle "BritBase"]
[Source "John Saunders"]
[SourceDate "2021.06.05"]
[SourceVersion "1"]
[SourceVersionDate "2021.06.05"]
[SourceQuality "1"]

1. e4 e5 2. Bc4 Nc6 3. Nf3 Bc5 4. c3 Nf6 5. d3 d6 6. Nbd2 a6 7. O-O Ba7 8. Bb3
O-O 9. h3 h6 10. Re1 Re8 11. Nf1 Be6 12. Be3 Qd7 13. Bxa7 Rxa7 14. Ng3 d5 15.
Qe2 Raa8 16. Nh4 g6 17. Qf3 Nh7 18. exd5 Ng5 19. Qf6 Bxd5 20. Bxd5 Qxd5 21.
Ngf5 gxf5 22. Nxf5 Ne6 23. Re3 Ne7 24. Qxe7 Nf4 25. Rg3+ Kh7 26. Qf6 Ne2+ 27.
Kh2 Nxg3 28. Qg7# 1-0